LEADER 02024nam 2200625 a 450 001 9910459603003321 005 20200520144314.0 010 $a90-272-4120-1 010 $a1-283-05128-1 010 $a9786613051288 010 $a90-272-8554-3 035 $a(CKB)2670000000077062 035 $a(SSID)ssj0000545079 035 $a(PQKBManifestationID)11355022 035 $a(PQKBTitleCode)TC0000545079 035 $a(PQKBWorkID)10554465 035 $a(PQKB)10979149 035 $a(MiAaPQ)EBC670251 035 $a(Au-PeEL)EBL670251 035 $a(CaPaEBR)ebr10454998 035 $a(CaONFJC)MIL305128 035 $a(OCoLC)707924772 035 $a(EXLCZ)992670000000077062 100 $a20110408d2001 uy 0 101 0 $aeng 135 $aurcn||||||||| 181 $ctxt 182 $cc 183 $acr 200 00$aTalking and testing$b[electronic resource] $ediscourse approaches to the assessment of oral proficiency /$f[edited by] Richard Young, Agnes Weiyun He 210 $aAmsterdam ;$aPhiladelphia $cJ. Benjamins Pub. Co.$d2001 215 $aviii, 360 p. $cill 225 1 $aStudies in bilingualism,$x0928-1533 ;$vv. 14 300 $aBibliographic Level Mode of Issuance: Monograph 311 $a1-55619-548-6 311 $a1-58811-092-3 320 $aIncludes bibliographical references. 410 0$aStudies in bilingualism ;$vv. 14. 606 $aLanguage and languages$xAbility testing 606 $aConversation$xAbility testing 606 $aOral communication$xAbility testing 608 $aElectronic books. 615 0$aLanguage and languages$xAbility testing. 615 0$aConversation$xAbility testing. 615 0$aOral communication$xAbility testing. 676 $a418/.0076 701 $aYoung$b Richard$f1948-$0889984 701 $aHe$b Agnes Weiyun$0889985 801 0$bMiAaPQ 801 1$bMiAaPQ 801 2$bMiAaPQ 906 $aBOOK 912 $a9910459603003321 996 $aTalking and testing$91988413 997 $aUNINA LEADER 01065nam a22002411i 4500 001 991002480509707536 005 20030701074750.0 008 030925s1987 it |||||||||||||||||ita 035 $ab12294603-39ule_inst 035 $aARCHE-034217$9ExL 040 $aBiblioteca Interfacoltà$bita$cA.t.i. Arché s.c.r.l. Pandora Sicilia s.r.l. 082 04$a331.252 110 2 $aIstituto nazionale della previdenza sociale$0102615 245 10$aAppendice agli atti del convegno sul futuro del sistema pensionistico italiano :$bRoma, 13-14 febbraio 1987 /$cIstituto Nazionale della Previdenza Sociale 260 $aRoma :$bINPS,$c[1987] 300 $a241 p. ;$c24 cm 650 4$aPensioni$xItalia 907 $a.b12294603$b02-04-14$c08-10-03 912 $a991002480509707536 945 $aLE002 Dir. IX G 6/II$g1$i2002000049131$lle002$nAPP$o-$pE0.00$q-$rl$s- $t0$u0$v0$w0$x0$y.i12688836$z08-10-03 996 $aAppendice agli atti del convegno sul futuro del sistema pensionistico italiano$9163789 997 $aUNISALENTO 998 $ale002$b08-10-03$cm$da $e-$fita$git $h0$i1 LEADER 04092nam 2200625 a 450 001 9910438248303321 005 20251116211511.0 010 $a94-007-6116-3 024 7 $a10.1007/978-94-007-6116-2 035 $a(CKB)2670000000536571 035 $a(EBL)1317039 035 $a(OCoLC)846446660 035 $a(SSID)ssj0000894594 035 $a(PQKBManifestationID)11560452 035 $a(PQKBTitleCode)TC0000894594 035 $a(PQKBWorkID)10841752 035 $a(PQKB)11690027 035 $a(DE-He213)978-94-007-6116-2 035 $a(MiAaPQ)EBC1317039 035 $a(PPN)17049439X 035 $a(iGPub)SPNA0029885 035 $a(EXLCZ)992670000000536571 100 $a20130328d2013 uy 0 101 0 $aeng 135 $aur|n|---||||| 181 $ctxt 182 $cc 183 $acr 200 00$aProduct-oriented environmental management systems (POEMS) $eimproving sustainability and competitiveness in the agri-food chain with innovative environmental management tools /$fRoberta Salomone ... [et al.], editors 205 $a1st ed. 2013. 210 $aDordrecht [Germany] ;$aNew York $cSpringer$d2013 215 $a1 online resource (336 p.) 300 $aDescription based upon print version of record. 311 08$a94-007-6115-5 311 08$a94-017-8071-4 320 $aIncludes bibliographical references. 327 $apt. 1. Background and concepts -- pt. 2. Integrated management systems (ims) -- pt. 3. Simplified life cycle assessment (s-LCA) -- pt. 4. Environmental labels and declarations -- pt. 5. Product-oriented environmental management systems (POEMS). 330 $aRepresenting the coordinated work of a research group from four different Italian University departments which conducted the Eco-Management for Food (EMAF) Project, this book offers a systematic approach for managing and improving the environmental aspects of agri-food processes and products using Product-Oriented Environmental Management Systems (POEMS). The European Commission's EIPRO study estimates that food alone is responsible for 17% of overall emissions of greenhouse gases, and uses 28% of natural resources. Moreover, food wastage in Europe is estimated at 90 million tonnes per year, which translates to 180 kg per person annually. The 2011 European Road Map for Resource Efficiency sets ambitious targets for agriculture by 2020: 50% reduction of waste and wastage; conservation of natural capital, biodiversity and ecosystem services; reduction of land use and improvement of soil quality; independence from fossil fuels. The distinctive characteristic of the proposed POEMS model is its modular structure: it is composed of a collection of management tools that can be applied, individually (Integrated Management System, Life Cycle Assessment, product environmental labeling guidelines) or as combination of two or more elements, based on the specific requirements and objectives an organization aims to reach. The contents include the analysis of the individual environmental management tools of which the POEMS model is made up, with a description of their methodological structure and the main results of their implementation in different pilot agri-food companies, in order to verify their effective functioning and to highlight the strong and weak points of the POEMS model and of its individual fundamental components. The book is designed to help support sound sustainability decision-making, informed by scientifically-sound quantitative information. 606 $aFood supply 606 $aAgricultural industries 606 $aFood industry and trade 606 $aSustainable agriculture 615 0$aFood supply. 615 0$aAgricultural industries. 615 0$aFood industry and trade. 615 0$aSustainable agriculture. 676 $a338.927 701 $aSalomone$b Roberta$0601483 801 0$bMiAaPQ 801 1$bMiAaPQ 801 2$bMiAaPQ 906 $aBOOK 912 $a9910438248303321 996 $aProduct-oriented environmental management systems (POEMS)$94204834 997 $aUNINA